[Event "Barcelona La Lira op 14th"]
[Site "Barcelona"]
[Date "2023.05.11"]
[Round "4"]
[White "Garcia Miralles, Eduard"]
[Black "Alcon Llosada, Alex"]
[Result "0-1"]
[WhiteElo "1691"]
[BlackElo "1801"]
[PlyCount "47"]
[EventDate "2023.04.20"]
[EventType "swiss"]
[EventRounds "9"]
[EventCountry "ESP"]
[SourceTitle "EXT 2024"]
[Source "ChessBase"]
[SourceDate "2023.10.10"]
[SourceVersion "1"]
[SourceVersionDate "2023.10.10"]
[SourceQuality "1"]

1. e4 d6 2. d4 Nf6 3. Nc3 e5 4. dxe5 dxe5 5. Qxd8+ Kxd8 6. a3 Be6 7. Nf3 Nbd7 8. Ng5 Bc5 9. Nxe6+ fxe6 10. Bc4 Ke7 11. 0-0 Bd4 12. Bd3 Raf8 13. h3 Nh5 14. Nd1 Nc5 15. Be3 Nxd3 16. Bxd4 exd4 17. cxd3 Nf4 18. b4 Nxd3 19. Rb1 e5 20. Nb2 Nf4 21. Kh2 Ne2 22. Nd3 Kd6 23. g3 Rf3 24. Nc5 0-1

[Event "Barcelona La Lira op 14th"]
[Site "Barcelona"]
[Date "2023.04.20"]
[Round "1"]
[White "Alcon Llosada, Alex"]
[Black "Perolet Perez, Miquel"]
[Result "1-0"]
[WhiteElo "1801"]
[BlackElo "1480"]
[PlyCount "93"]
[EventDate "2023.04.20"]
[EventType "swiss"]
[EventRounds "9"]
[EventCountry "ESP"]
[SourceTitle "EXT 2024"]
[Source "ChessBase"]
[SourceDate "2023.10.10"]
[SourceVersion "1"]
[SourceVersionDate "2023.10.10"]
[SourceQuality "1"]

1. d4 d5 2. c4 e6 3. Nf3 c6 4. g3 Nd7 5. Bg2 Bb4+ 6. Nbd2 Ngf6 7. 0-0 0-0 8. Qc2 Re8 9. a3 Bxd2 10. Bxd2 dxc4 11. Ne5 Nb6 12. e3 a5 13. h4 Bd7 14. Bf3 Re7 15. h5 Ne8 16. h6 f6 17. Ng4 g6 18. e4 Rf7 19. Kg2 Qc8 20. e5 f5 21. Ne3 Nc7 22. Kh2 Ncd5 23. Ng2 c5 24. Be3 Ba4 25. Qd2 Nxe3 26. Nxe3 Bb3 27. d5 c3 28. bxc3 f4 29. Ng4 Nxd5 30. Bxd5 Bxd5 31. Nf6+ Kh8 32. Qxf4 b5 33. Rfd1 Qb7 34. Rab1 Qc6 35. Rb2 Raf8 36. Rdb1 Qc7 37. Rxb5 Qa7 38. Qe3 Qa8 39. Qxc5 a4 40. Qd6 Qa7 41. Kg1 Bb3 42. c4 Qa8 43. Qxe6 Qa7 44. Qd6 Re8 45. c5 Ref8 46. c6 Qa6 47. Rb8 1-0

[Event "Catalunya-chT Gp1"]
[Site "Barcelona"]
[Date "2022.02.12"]
[Round "4.9"]
[White "Casas Douton, Domingo"]
[Black "Alcon Llosada, Alex"]
[Result "0-1"]
[WhiteElo "2226"]
[BlackElo "1755"]
[PlyCount "76"]
[EventDate "2022.01.22"]
[EventType "team-tourn"]
[EventRounds "9"]
[EventCountry "ESP"]
[SourceTitle "CBM 208 Extra"]
[Source "ChessBase"]
[SourceDate "2022.07.31"]
[SourceVersion "1"]
[SourceVersionDate "2022.07.31"]
[SourceQuality "1"]
[WhiteTeam "Sant Andreu"]
[BlackTeam "Geva CEA"]
[WhiteTeamCountry "ESP"]
[BlackTeamCountry "ESP"]

1. d4 d5 2. Nf3 Nf6 3. Bf4 g6 4. h3 Bg7 5. e3 0-0 6. Nbd2 b6 7. Bd3 Bb7 8. 0-0 c5 9. c3 Nc6 10. Rb1 Nd7 11. Bb5 f6 12. c4 Nb4 13. Qa4 e5 14. Bxd7 exf4 15. a3 fxe3 16. fxe3 Na6 17. Be6+ Kh8 18. Bxd5 Bxd5 19. Qxa6 Bg8 20. d5 f5 21. e4 fxe4 22. Nxe4 Rf4 23. Ned2 Qc7 24. Qb5 Raf8 25. Rbe1 Bh6 26. Re8 R8f5 27. Qc6 Qxc6 28. dxc6 Rf8 29. Rfe1 R4f7 30. R8e7 Rc8 31. Rxf7 Bxf7 32. Re7 Kg8 33. Rxa7 Be8 34. Ne4 Rxc6 35. Ra8 Kf8 36. Ne5 Re6 37. Nf6 Be3+ 38. Kh1 Bd4 0-1

[Event "ESP-ch U18"]
[Site "Salobrena"]
[Date "2021.07.27"]
[Round "3"]
[White "De Lomas Busquets, Alba"]
[Black "Alcon Llosada, Alex"]
[Result "1-0"]
[WhiteElo "1761"]
[BlackElo "1998"]
[PlyCount "55"]
[EventDate "2021.07.26"]
[EventType "swiss"]
[EventRounds "9"]
[EventCountry "ESP"]
[SourceTitle "CBM 203 Extra"]
[Source "ChessBase"]
[SourceDate "2021.09.30"]
[SourceVersion "1"]
[SourceVersionDate "2021.09.30"]
[SourceQuality "1"]

1. d4 d5 2. c4 c6 3. Nc3 dxc4 4. e4 b5 5. a4 b4 6. Na2 e6 7. Bxc4 Nf6 8. e5 Nd5 9. Nf3 Be7 10. 0-0 0-0 11. Bd2 a5 12. Nc1 Nd7 13. Nb3 N5b6 14. Bd3 Bb7 15. Be3 Nd5 16. Bd2 c5 17. dxc5 Nxc5 18. Nxc5 Bxc5 19. Bxh7+ Kxh7 20. Ng5+ Kg8 21. Qh5 Nf6 22. exf6 Qd3 23. fxg7 Kxg7 24. Nxe6+ fxe6 25. Bh6+ Kf6 26. Qg5+ Kf7 27. Qg7+ Ke8 28. Qxb7 1-0

[Event "Catalunya-ch U18/20"]
[Site "Salou"]
[Date "2021.03.29"]
[Round "4"]
[White "Castillo Dalmau, Albert"]
[Black "Alcon Llosada, Alex"]
[Result "1-0"]
[WhiteElo "2206"]
[BlackElo "1981"]
[PlyCount "118"]
[EventDate "2021.03.27"]
[EventType "swiss"]
[EventRounds "9"]
[EventCountry "ESP"]
[SourceTitle "CBM 202 Extra"]
[Source "ChessBase"]
[SourceDate "2021.07.31"]
[SourceVersion "1"]
[SourceVersionDate "2021.07.31"]
[SourceQuality "1"]

1. g3 e5 2. Bg2 d6 3. c3 f5 4. d4 Be7 5. Na3 Nf6 6. Qb3 c6 7. Bg5 Nbd7 8. Rd1 Qc7 9. Nf3 a5 10. 0-0 a4 11. Qc2 e4 12. Nh4 Nb6 13. f3 d5 14. fxe4 fxe4 15. Nf5 Bxf5 16. Rxf5 0-0 17. Rdf1 Nc8 18. c4 Nd6 19. R5f2 Qd7 20. e3 Nf7 21. Bxf6 Bxf6 22. Qe2 Bg5 23. h4 Bh6 24. Kh2 Nd6 25. Bh3 Qe7 26. cxd5 cxd5 27. Qh5 Rxf2+ 28. Rxf2 Bxe3 29. Qxd5+ Kh8 30. Re2 Bc1 31. Nc4 Nxc4 32. Qxc4 Bh6 33. Qb5 g5 34. hxg5 Bxg5 35. Bg2 e3 36. Qxb7 Qxb7 37. Bxb7 Ra7 38. Bc6 a3 39. b4 Rc7 40. b5 Bf6 41. Rxe3 Bxd4 42. Rxa3 Kg7 43. Ra8 Ra7 44. Rxa7+ Bxa7 45. a4 Bb6 46. Kh3 h6 47. Kg4 Kg6 48. Kf4 Kf6 49. Bd5 Ke7 50. Kf5 Kd6 51. Bc6 Ba5 52. Kg6 Bd2 53. a5 Bxa5 54. Kxh6 Kc5 55. g4 Kd6 56. g5 Bd2 57. Kg6 Be3 58. Kf6 Bxg5+ 59. Kxg5 Kc7 1-0

[Event "EU-ch Online U18"]
[Site "Tornelo INT"]
[Date "2020.09.18"]
[Round "1"]
[White "Kukelko, Alexey"]
[Black "Alcon Llosada, Alex"]
[Result "1-0"]
[WhiteElo "2346"]
[BlackElo "1999"]
[PlyCount "27"]
[EventDate "2020.09.18"]
[EventType "swiss (rapid)"]
[EventRounds "9"]
[EventCountry "ENG"]
[SourceTitle "CBM 198 Extra"]
[Source "ChessBase"]
[SourceDate "2020.11.30"]
[SourceVersion "1"]
[SourceVersionDate "2020.11.30"]
[SourceQuality "1"]

1. e4 c6 2. d4 d5 3. e5 Bf5 4. h4 h5 5. Bd3 Bxd3 6. Qxd3 e6 7. Bg5 Ne7 8. Nc3 Qb6 9. Nf3 Nf5 10. 0-0-0 Bb4 11. Ne2 c5 12. c4 dxc4 13. Qxc4 cxd4 14. Qc8+ 1-0

[Event "Platja d'Aro op-A 7th"]
[Site "Platja d'Aro"]
[Date "2019.06.24"]
[Round "1"]
[White "Vidarte Morales, Arturo"]
[Black "Alcon Llosada, Alex"]
[Result "1-0"]
[WhiteElo "2364"]
[BlackElo "1836"]
[PlyCount "83"]
[EventDate "2019.06.24"]
[EventType "swiss"]
[EventRounds "9"]
[EventCountry "ESP"]
[SourceTitle "CBM 191 Extra"]
[Source "ChessBase"]
[SourceDate "2019.09.30"]
[SourceVersion "1"]
[SourceVersionDate "2019.09.30"]
[SourceQuality "1"]

1. Nf3 d5 2. g3 Nf6 3. Bg2 c6 4. 0-0 Bf5 5. d3 h6 6. c4 e6 7. cxd5 exd5 8. Be3 Be7 9. Qb3 Qc8 10. Nc3 0-0 11. Rac1 Na6 12. Bd4 Nc7 13. Rfe1 Be6 14. Qc2 Bh3 15. e4 Bxg2 16. Kxg2 dxe4 17. dxe4 Ne6 18. e5 Ne8 19. Be3 N8c7 20. Red1 a5 21. Nd2 Bc5 22. Nc4 Bxe3 23. Nxe3 Ng5 24. Nf5 Qe6 25. f4 Nd5 26. Nxd5 cxd5 27. fxg5 hxg5 28. Nd4 Qxe5 29. Qf5 Qe4+ 30. Qxe4 dxe4 31. Nf5 Ra6 32. Rd7 Rf6 33. g4 g6 34. Ng3 Re8 35. Re1 e3 36. Re2 Rf4 37. h3 Rc4 38. Rd5 a4 39. Rxg5 Kh7 40. Rd5 Re6 41. Rd3 b5 42. b3 1-0

[Event "Alzira Chrismas 7th"]
[Site "Alzira"]
[Date "2017.12.28"]
[Round "3.5"]
[White "Uran Bermudez, Oliver Kevin"]
[Black "Alcon Llosada, Alex"]
[Result "1-0"]
[WhiteElo "2063"]
[BlackElo "1747"]
[PlyCount "96"]
[EventDate "2017.12.27"]
[EventType "swiss"]
[EventRounds "8"]
[EventCountry "ESP"]
[SourceTitle "EXT 2024"]
[Source "ChessBase"]
[SourceDate "2023.10.10"]
[SourceVersion "1"]
[SourceVersionDate "2023.10.10"]
[SourceQuality "1"]

1. d4 c6 2. Nf3 d5 3. e3 Bf5 4. Bd3 Bxd3 5. Qxd3 e6 6. Nbd2 Nf6 7. 0-0 Be7 8. b3 c5 9. dxc5 Nc6 10. Qb5 Qc7 11. Bb2 0-0 12. b4 b6 13. cxb6 Qxb6 14. Qxb6 axb6 15. a3 Nd7 16. c4 Bf6 17. Bxf6 Nxf6 18. Rfc1 Rfc8 19. cxd5 Nxd5 20. Nc4 f5 21. Ng5 Nd8 22. g3 h6 23. Nf3 Kf8 24. Nd4 g6 25. Rab1 Kg7 26. Nb5 Nf7 27. Nb2 Ne5 28. Kg2 Kf6 29. h3 g5 30. Kf1 h5 31. Ke2 f4 32. e4 Ne7 33. Nd3 f3+ 34. Kd2 Nc4+ 35. Ke1 Rd8 36. Rb3 Rac8 37. Rbc3 Ne5 38. Nb2 Rxc3 39. Rxc3 Rc8 40. Rxc8 Nxc8 41. Kd2 Ne7 42. Na4 Nd7 43. Ke3 Nc6 44. Kd3 Nce5+ 45. Ke3 g4 46. hxg4 Nxg4+ 47. Kd2 Ke5 48. Nac3 Ngf6 1-0